| 000 | 01082nam a22002417a 4500 | ||
|---|---|---|---|
| 001 | 47497 | ||
| 003 | BD-RjUL | ||
| 005 | 20211209054328.0 | ||
| 008 | 160809s1984 bg ||||| |||| 00| 0 ben d | ||
| 020 | _c: TK 22.00 | ||
| 035 | _a(BD-RjUL)47616 | ||
| 040 |
_aBD-RjUL _bben _cBD-RjUL |
||
| 041 | _aben | ||
| 082 |
_222 _a337.09049 _bSPA 1984 |
||
| 100 |
_aস্পেরো, জোয়ান এডলম্যান _9144416 |
||
| 245 |
_aআন্তর্জাতিক অর্থনৈতিক সম্পর্কের রাজনীতি / _cজোয়ান এডলম্যান স্পেরো |
||
| 260 |
_aঢাকা : _bখোশরোজ কিতাব মহল, _c১৯৮৪ |
||
| 300 |
_a৫২৩ পৃ. : _bচিত্র ; _c২১ সেমি. |
||
| 650 |
_aInternational economic relations _9144417 |
||
| 650 |
_aআন্তর্জাতিক অর্থনৈতিক সম্পর্ক _9144418 |
||
| 700 |
_aআহমেদ, মমতাজ উদ্দিন, অনুবাদ _9144419 |
||
| 942 |
_2ddc _cBK _01 |
||
| 999 |
_c47497 _d47497 |
||